000 00485nam a2200205Ia 4500
003 0100
008 130307s9999 xx 000 0 und d
040 _cARRUPELIB
050 _aBL85.D36 1992
100 _aDe Foville, Jean-Marc
245 _aLes religions
245 _bles comprendre pour mieux les connaitre aujourd'hui
260 _aHachette
260 _bLes Guides Societe
260 _c1992
300 _a201p.
300 _b23 cm
650 _aRELIGION
942 0 0 _04
999 _c92596
_d92596